| 000 | 00883nam a2200253 i 4500 | ||
|---|---|---|---|
| 001 | 185883 | ||
| 003 | SpMaBN | ||
| 005 | 20250804043009.0 | ||
| 008 | 160817s1988 sp |||| | spa d | ||
| 020 | _a84-339-0091-9 | ||
| 080 | _a176 | ||
| 245 | 0 | 0 |
_aFilosofía y sexualidad / _cedición a cargo de Fernando Savater ; [textos de Agustín García Calvo, Héctor Subirats, Julia Varela ... (et al.)]. |
| 260 |
_aBarcelona : _bAnagrama, _c[1988] |
||
| 300 |
_a173 p. ; _c20 cm. |
||
| 490 | 1 |
_aArgumentos ; _v91 |
|
| 650 | 0 | 7 |
_aSexualidad- _xFilosofía. _917083 |
| 700 | 1 |
_aSavater, Fernando, _d1947- _9104053 |
|
| 700 | 1 |
_aGarcía Calvo, Agustín, _d1926-2012 _9233841 |
|
| 700 | 1 |
_aSubirats, Héctor. _9108697 |
|
| 700 | 1 |
_aVarela, Julia. _9113140 |
|
| 830 | 0 |
_aArgumentos ; _v91 _9178418 |
|
| 852 |
_aES-MaACL _jL-30569 _z. - Donat. Miguel A. Velasco |
||
| 999 |
_c185883 _d185883 |
||